Hazbin Hotel - Hear My Hope lyrics Pt.1 - Statistics

General Stats
  • This quiz has been taken 76 times
    65 since last reset
  • The average score is 371 of 499
Answer Stats
Hint Answer % Correct
a
100%
+Angel, Cherri, Baxter: A
100%
ECHNVACB+Carmila, Zestial, Maestro, Zeezi, Prick, Hatchet: | ECHNVACBCZMZPH+Rosie, Alastor: | Emily: Hear
100%
hear
100%
hope
100%
hope!
100%
I
100%
I,
100%
my
100%
it
98%
it!
98%
let
98%
Let
98%
and
95%
+Vaggi: | Lute: And
95%
be
95%
go
95%
so
95%
+Charlie: Take
95%
take
95%
the
95%
we
95%
Carmila & Zestial: | Charlie: | Vaggi: We
95%
you
95%
Alastor: | Carmila: | Rosie: You
95%
can
93%
Can
93%
can,
93%
hand
93%
in
93%
that
93%
to
93%
if
91%
need
91%
do
89%
Do
89%
do...
89%
something
89%
something!
89%
something?
89%
ECHNVACBCZMZPH: Something
89%
what
89%
Vaggi: What
89%
what?
89%
your
89%
are
86%
every
86%
Vaggi: Every
86%
for
86%
Zestial: For
86%
soul
86%
die
84%
me
84%
me?
84%
one
84%
echo
82%
never
82%
ECHNVACBCZMZPH: Never
82%
no
82%
Charlie: No!
82%
Cherri: | Niffty & Angel: No
82%
this
82%
try...
82%
breath
80%
doing
80%
don't
80%
Don't
80%
Emily
80%
here?
80%
here
80%
just
80%
Choir: | Vaggi: Just
80%
like
80%
at
77%
Abel: Can't
77%
can't
77%
finish
77%
get
77%
Get
77%
help
77%
help,
77%
how
77%
How
77%
Charlie: ...It's
77%
it's
77%
know
77%
not
77%
'pet'
77%
son
77%
would
77%
about
75%
demon,
75%
eye
75%
have
75%
Abel: Lute,
75%
other
75%
started!
75%
them,
75%
them
75%
we'll
75%
well,
75%
by
73%
free
73%
pro
73%
quo,
73%
work
73%
day
70%
even
70%
fee!
70%
Lute: I'm
70%
isn't
70%
needs
70%
now
70%
snake
70%
there
70%
Alastor: What's
70%
Rosie: Why
70%
will
70%
all
68%
dad,
68%
dare?
68%
dare
68%
game
68%
gettin'
68%
Lute: I'll
68%
knew
68%
manipulator?
68%
really
68%
stop
68%
'til
68%
time
68%
vision's
68%
want
68%
with
68%
am
66%
Am
66%
any
66%
bad
66%
blurry
66%
could
66%
done
66%
fair!
66%
from
66%
hold
66%
Abel: Let's
66%
Rosie: Liar!
66%
life
66%
longer...
66%
much
66%
of
66%
only
66%
Vaggi: Or
66%
reward
66%
song
66%
talked
66%
there's
66%
unless
66%
watch
66%
Emily: | Vaggi: Abel,
64%
Charlie: | Emily: Abel
64%
dear
64%
end,
64%
ground
64%
save
64%
Choir: Save
64%
shake
64%
too
64%
wouldn't
64%
attack
61%
cold-hearted?
61%
crescendo
61%
dies
61%
double-dealing
61%
hardest
61%
heaven
61%
hell
61%
live
61%
Alastor: Quid
61%
right
61%
run?
61%
stand
61%
story
61%
stronger...
61%
supposed
61%
voice
61%
Husk: We've
61%
Alastor: You'll
61%
better
59%
braver
59%
choir
59%
join
59%
last
59%
matter
59%
note
59%
please!
59%
pressure
59%
resist
59%
risk
59%
souls
59%
tell
59%
way...
59%
back!
57%
bitch,
57%
breathe,
57%
else
57%
fire
57%
soft
57%
sound
57%
takes
57%
along
55%
anybody
55%
been
55%
body
55%
cause
55%
fall
55%
kill...
55%
land
55%
least
55%
lost
55%
our
55%
were
55%
would've
55%
begins
52%
got
52%
grip,
52%
handle
52%
joined
52%
match
52%
okay
52%
pair
52%
prayer?
52%
pride
52%
+Husk: Raise
52%
stay
52%
wish
52%
years
52%
broken
50%
cannot
50%
crossed
50%
didn't
50%
grow
50%
left
50%
many
50%
music
50%
own
50%
peace
50%
strength
50%
us
50%
find
48%
fingers
48%
hands
48%
reach
48%
sang
48%
swallow
48%
thunder
48%
worried,
48%
ears
45%
tried
45%
afloat
43%
grant
43%
lead
43%
light
43%
o'er
43%
Lute: Shut
43%
across
41%
blood
41%
Lute: Enough!!
41%
fears
41%
hopes
41%
+Niffty: Lend
41%
mouth,
41%
ring
41%
striving
41%
cast
39%
sought
39%
span
39%
abomination!
36%
lust
34%
picked
34%
prideful
34%
sings
34%
belive
32%
why'd
32%
bilion
27%
harm
27%
nosebleed,
27%
down
23%
arms
18%
side
18%
woulda
18%
Choir: Lay
14%
Choir: Put
14%
war
11%
away
9%
et
5%
con
2%
No matching quizzes found
Score Distribution
Percent of People with Each Score
Percentile by Number Answered
Your Score History
You have not taken this quiz since the last reset